| 000 | 04008nam a22003134a 4500 | ||
|---|---|---|---|
| 005 | 20080418103834.0 | ||
| 008 | 080114r20082006mau | b 001 0 eng | ||
| 010 | _aB-269645-649, B-284188 | ||
| 020 |
_a9780552774291 _c£ 3.25 (273.00), 289.25 |
||
| 035 | _aB-269645-649, B-284188 | ||
| 040 |
_adpl _bEnglish |
||
| 082 | _a211.8 | ||
| 100 | _aDawkins, Richard | ||
| 245 |
_aThe God delusion / _cby Richard Dawkins. |
||
| 260 |
_aLondon _bBlack Swan _c2007 |
||
| 300 |
_a463 p. _c18cm (pbk) |
||
| 504 | _aIncludes bibliographical references (p. [427]-448) and index. | ||
| 505 | _aA deeply religious nonbeliever. Deserved respect ; Undeserved respect -- The God hypothesis. Polytheism ; Monotheism ; Secularism, the Founding Fathers and the religion of America ; The poverty of agnosticism ; NOMA ; The great prayer experiment ; The Neville Chamberlain school of evolutionists ; Little green men -- Arguments for God's existence. Thomas Aquinas's "proofs" ; The ontological argument and other a priori arguments ; The argument from beauty ; The argument from personal "experience" ; The argument from Scripture ; The argument from admired religious scientists ; Pascal's wager ; Bayesian arguments -- Why there almost certainly is no God. The ultimate Boeing 747 ; Natural selection as a consciousness-raiser ; Irreducible complexity ; The worship of gaps ; The anthropic principle : planetary version ; The anthropic principle : cosmological version ; An interlude at Cambridge -- The roots of religion. The Darwinian imperative ; Direct advantages of religion ; Group selection ; Religion as a by-product of something else ; Psychologically primed for religion ; Tread softly, because you tread on my memes ; Cargo cults -- The roots of morality : why are we good? Does our moral sense have a Darwinian origin? ; A case study in the roots of morality ; If there is no God, why be good? -- The "good" book and the changing moral Zeitgeist. The Old Testament ; Is the New Testament any better? ; Love thy neighbour ; The moral Zeitgeist ; What about Hitler and Stalin? : weren't they atheists? -- What's wrong with religion? : why be so hostile? Fundamentalism and the subversion of science ; The dark side of absolutism ; Faith and homosexuality ; Faith and the sanctity of human life ; The great Beethoven fallacy ; How "moderation" in faith fosters fanaticism -- Childhood, abuse and the escape from religion. Physical and mental abuse ; In defence of children ; An educational scandal ; Consciousness-raising again ; Religious education as a part of literary culture -- A much needed gap? Binker ; Consolation ; Inspiration ; The mother of all burkas. | ||
| 650 | _aAtheism. | ||
| 650 |
_aReligion _vControversial literature. |
||
| 942 |
_2ddc _cEN _mDAW _h211.8 |
||
| 999 |
_c16118 _d16118 |
||